|
|
|
|
| LEADER |
00000naa2a2200000 4500 |
| 001 |
215190 |
| 005 |
20240209131909.0 |
| 035 |
|
|
|a (RuTPU)RU\TPU\book\235089
|
| 035 |
|
|
|a RU\TPU\book\235086
|
| 090 |
|
|
|a 215190
|
| 100 |
|
|
|a 20120505d2004 k y0engy50 ba
|
| 101 |
0 |
|
|a eng
|
| 102 |
|
|
|a RU
|
| 200 |
1 |
|
|a Application of ash microspheres in ceramic materials production
|f V. I. Vereshchagin [et al.]
|
| 320 |
|
|
|a References: p. 186 (3 tit.)
|
| 461 |
|
1 |
|0 (RuTPU)RU\TPU\book\73635
|t Korus 2004
|o The 8th Korea-Russia International Symposium on Science and Technology, June 26 - July 3, 2004, At Tomsk Politechnic University, Russia
|o proceedings
|f Novosibirsk State Technical University; Tomsk Polytechnic University
|d 2004-
|
| 463 |
|
1 |
|0 (RuTPU)RU\TPU\book\73150
|t Vol. 3
|v P. 184-186
|d 2004
|p 365 p.
|
| 610 |
1 |
|
|a труды учёных ТПУ
|
| 701 |
|
1 |
|a Vereshchagin (Vereschagin, Vereshagin)
|b V. I.
|c Chemical Engineer
|c Professor of Tomsk Polytechnic University, Doctor of technical sciences
|f 1942-
|g Vladimir Ivanovich
|3 (RuTPU)RU\TPU\pers\26325
|9 12080
|
| 701 |
|
1 |
|a Volokitin
|b G. G.
|
| 701 |
|
1 |
|a Skripnikova
|b N. K.
|
| 701 |
|
1 |
|a Sokolova
|b S. N.
|
| 801 |
|
1 |
|a RU
|b 63413507
|c 20120505
|
| 801 |
|
2 |
|a RU
|b 63413507
|c 20121204
|g RCR
|
| 942 |
|
|
|c BK
|